000 00926nam a2200325 a 4500
003 AR-BaBNM
005 20251128203326.0
008 082120s2002 ||||||||||||||000 | spa||
020 _a84-7100-480-1
040 _cAR-BaBNM
100 1 _aAbad Pérez, Antolín
245 0 0 _aLos franciscanos en América
250 _a1ª ed.
260 _aMadrid
_bMapfre
_c1992
300 _a318 p.
_btablas, gráfs.,mapas
490 0 _aIglesia católica en el nuevo mundo
_vv. 11
500 _aApéndices para consultar p. 293-302
650 4 _aMISIONES RELIGIOSAS
650 4 _aMISIONES FRANCISCANAS
650 4 _aHISTORIA DE LAS RELIGIONES
650 4 _aIGLESIA
650 4 _aHISTORIA SOCIAL
650 4 _aHISTORIA DE LAS COSTUMBRES
651 4 _aEspaña
651 4 _aAmérica Latina
800 1 _aGallego, José Andrés
_ecoordinador
800 1 _aHera, Alberto de la
_edirector
942 _cBK
998 _cMariana
999 _c2910
_d2910